00194nam a22000857a 4500082002100000100002100021245002300042260003400065300000900099 a621.381512 RIS'K aRISSE, JOUSEPH A aKONW YOUR VOM-VTVM aNEWYORKbHOWRAD W. SAMSc1963 a144P